| 000 | 00949nam a22002655a 4500 | ||
|---|---|---|---|
| 003 | OSt | ||
| 005 | 20170412102250.0 | ||
| 008 | 170412s2011 ua frb 000 0 ara d | ||
| 015 | _a2011 / 10282 | ||
| 020 | _a9789777160940 | ||
| 040 |
_aEG-ScBUE _bara _cEG-ScBUE |
||
| 082 | 0 | 4 |
_a345 _bأ ب و _222 |
| 100 | 1 | _aأبو رجب، محمد صلاح. | |
| 245 | 1 | 2 |
_aالمسئولية الجنائية الدولية للقادة / _cمحمد صلاح أبو رجب. |
| 250 | _aط. 1. | ||
| 260 |
_a[القاهرة : _bد. ن.]، _c2011. |
||
| 300 |
_a1016 ص. ؛ _c24 سم. |
||
| 504 | _aيشتمل على إرجاعات ببليوجرافية. | ||
| 650 | 7 |
_aالقانون الدولي الجنائي _2BUEsh |
|
| 650 | 7 |
_aالمسئولية الجنائية _2BUEsh _941154 |
|
| 650 | 7 |
_aرؤساء الجمهورية _xوضع قانوني، قوانين، إلخ. _2BUEsh |
|
| 651 | _2BUEsh | ||
| 653 |
_bLLAAWW _cApril2017 |
||
| 942 | _2ddc | ||
| 999 |
_c24658 _d24630 |
||